000 01211nam a22003735i 4500
999 _c16861
_d16861
001 21546970
003 OSt
005 20220419151642.0
008 200529s2020 inu 000 0 eng
010 _a 2020939707
020 _a9781119660453
_q(paperback)
020 _z9781119660460
_q(adobe pdf)
020 _z9781119660439
_q(epub)
040 _aDLC
_beng
_erda
_cDLC
042 _apcc
082 _22020
_aDC 005.258
_bB894
100 1 _aBurd, Barry,
_eauthor.
_945051
245 1 0 _aAndroid application development for dummies all-in-one /
_cBarry Burd, John Paul Mueller, authors
250 _aThird edition
263 _a2008
264 1 _aIndianapolis:
_bJohn Wiley and Sons,
_c2020.
300 _av, 782 pages:
_billustrations;
_c23 cm.
336 _atext
_btxt
_2rdacontent
337 _aunmediated
_bn
_2rdamedia
338 _avolume
_bnc
_2rdacarrier
500 _aIncludes index.
650 _a Application software -- Development
_910602
650 _a Mobile computing
_910591
650 _aAndroid (Electronic resource)
_945052
700 1 _aPaul Mueller, John,
_eauthor.
_945053
906 _a0
_bibc
_corignew
_d2
_eepcn
_f20
_gy-gencatlg
942 _2ddc
_cDC